UM Logo

Handbook of infectious diseases. (Record no. 5946)

MARC details
000 -LEADER
fixed length control field 01140cam a22003134a 4500
001 - CONTROL NUMBER
control field 12102770
005 - DATE AND TIME OF LATEST TRANSACTION
control field 20161202204007.0
008 - FIXED-LENGTH DATA ELEMENTS--GENERAL INFORMATION
fixed length control field 000711s2001 paua bf 001 0 eng c
010 ## - LIBRARY OF CONGRESS CONTROL NUMBER
LC control number 00058807
020 ## - INTERNATIONAL STANDARD BOOK NUMBER
International Standard Book Number 1582550700 (flexible cover)
035 ## - SYSTEM CONTROL NUMBER
System control number (DNLM)100959844
040 ## - CATALOGING SOURCE
Original cataloging agency DNLM/DLC
Transcribing agency DLC
Modifying agency DLC
042 ## - AUTHENTICATION CODE
Authentication code pcc
050 00 - LIBRARY OF CONGRESS CALL NUMBER
Classification number RC112
Item number .H26 2001
060 10 - NATIONAL LIBRARY OF MEDICINE CALL NUMBER
Classification number WC 39
Item number H2361 2000
082 00 - DEWEY DECIMAL CLASSIFICATION NUMBER
Classification number DRef 616.9
Edition number 2001
Item number H19
245 00 - TITLE STATEMENT
Title Handbook of infectious diseases.
246 30 - VARYING FORM OF TITLE
Title proper/short title Infectious diseases
260 ## - PUBLICATION, DISTRIBUTION, ETC. (IMPRINT)
Place of publication, distribution, etc. Springhouse, Pa. :
Name of publisher, distributor, etc. Springhouse Corp.,
Date of publication, distribution, etc. c2001.
300 ## - PHYSICAL DESCRIPTION
Extent x, 598 pages:
Other physical details illustrations;
Dimensions 21 cm.
504 ## - BIBLIOGRAPHY, ETC. NOTE
Bibliography, etc Includes bibliographical references and indexes.
650 #0 - SUBJECT ADDED ENTRY--TOPICAL TERM
Topical term or geographic name as entry element Communicable diseases
Form subdivision Handbooks, manuals, etc.
650 12 - SUBJECT ADDED ENTRY--TOPICAL TERM
Topical term or geographic name as entry element Communicable Diseases
Form subdivision Handbooks.
710 2# - ADDED ENTRY--CORPORATE NAME
Corporate name or jurisdiction name as entry element Springhouse Corporation.
906 ## - LOCAL DATA ELEMENT F, LDF (RLIN)
a 7
b cbc
c orignew
d 1
e ocip
f 20
g y-gencatlg
942 ## - ADDED ENTRY ELEMENTS (KOHA)
Source of classification or shelving scheme Dewey Decimal Classification
Koha item type Reference
Holdings
Withdrawn status Lost status Source of classification or shelving scheme Damaged status Not for loan Collection code Home library Current library Date acquired Total Checkouts Full call number Barcode Date last seen Copy number Price effective from Koha item type
    Dewey Decimal Classification     Reference UM Digos College - LIC UM Digos College - LIC     DRef 616.9 H19 2001 15098 05/15/2025 1 12/02/2016 Reference